000 01262nam a2200265 a 4500
001
003 DO-SdBNP
005 20211001141309.0
008 110706s 2005 dr 000 0 spa d
020 _a9993423882
040 _aDO-SdBNP
_bspa
_cBNPHU
049 _a
082 4 _aBNPHU 461.52
_bZ88m
100 1 _aZorrilla, Mercedes
_936378
245 1 0 _aManual de consultas ortográficas /
_cMercedes Zorrilla.
250 _a2a. ed.
260 _aSanto Domingo :
_bAmigo del Hogar,
_c2005.
300 _a79 p. ;
_c16 cm.
505 _aUso de la letra "b" -- Uso de la letra "v" -- Las letras "c", "q", "s", "z". Las terminaciones "cion", "sion", "xion", "ccion", la doble "c" (cc) -- Las letras "g", y "j" 18 -- La letra "h" -- Las letras "i", "y", "ll" -- Las letras" r-rr" -- Usos de la "x" -- Combinaciones "mn", "nm", "nn" -- Uso de mayúsculas -- Abreviaturas, siglas, acrónimos -- Homófonas en una y dos palabras -- Expresiones que se escriben en una o más palabras 47 -- Los números cardinales -- El acento ortográfico -- Signos de puntuación.
590 _aInventariado,2020/VM
650 1 4 _aLengua española
_xGramática
_vManuales
_977299
650 1 4 _aEspañol
_xOrtografía
_91453
910 _aVMateo
942 _2ddc
_cLBS1
999 _c49148
_d49148